Adaptive reuse : extending the lives of buildings (Record no. 10351)

000 -LEADER
fixed length control field 00388nam a2200157Ia 4500
003 - CONTROL NUMBER IDENTIFIER
control field OSt
008 - FIXED-LENGTH DATA ELEMENTS--GENERAL INFORMATION
fixed length control field 220308s9999 xx 000 0 und d
020 ## - INTERNATIONAL STANDARD BOOK NUMBER
International Standard Book Number 9783038215370
082 ## - DEWEY DECIMAL CLASSIFICATION NUMBER
Classification number 690.24
Item number WON
100 ## - MAIN ENTRY--PERSONAL NAME
Personal name Wong, Liliane
245 #0 - TITLE STATEMENT
Title Adaptive reuse : extending the lives of buildings
260 ## - PUBLICATION, DISTRIBUTION, ETC. (IMPRINT)
Name of publisher, distributor, etc  Birkhauser (21 November 2016)
365 ## - TRADE PRICE
Price type code EUR
365 ## - TRADE PRICE
Unit of pricing 39.95
942 ## - ADDED ENTRY ELEMENTS (KOHA)
Source of classification or shelving scheme
Holdings
Withdrawn status Lost status Source of classification or shelving scheme Damaged status Koha normalized classification for sorting Not for loan Permanent location Current location Date acquired Source of acquisition Cost, normal purchase price Full call number Barcode Date last seen Cost, replacement price Price effective from Koha item type
        690_240000000000000_WON   BMS College of Architecture, Design and Planning BMS College of Architecture, Design and Planning 2022-03-14 1 2539.22 690.24 WON AR-UG2518 2022-03-14 3627.46 2022-03-14 UG Books
Copyright © 2025, The Librarian, Library and Information Centre, BMSCA D&P, Bengaluru. All Rights Reserved
web counter

Powered by Koha